Leader xxxxxxxxxx
001 __ PCLIS00017190
005 __ 20221005090317.0
010 0_ |b平裝|dNT$130
100 __ |a19870509d1986 m y0chiy09 e
101 1_ |achi|cjpn
102 __ |atw
105 __ |ay z 000ad
200 1_ |a羅生門|f芥川龍之介
210 __ |a臺北市|c水牛|d民75[1986]
215 0_ |a2, 200面|d21公分
225 1_ |a哲學叢書|v22
300 __ |a哲學
300 __ |a作者號由adm取自水牛補0, 由t561改回
327 1_ |a序 / 吉田精一教授--關於芥川龍之介 / 葉笛--關於葉笛--羅生門--竹籔中--杜子春--秋山圖--西方的人--海市蜃樓--大導寺信輔的半生--玄鶴山房--秋--尼提--Mensura Zoili--三個為什麼?--點鬼簿--三個窗子--後記
606 __ |2cst|a短篇小說
681 __ |a861.57|b8673
681 __ |a108|b8870 v2
700 _1 |a芥川|b龍之介|f1892-1927
702 _1 |a葉|b笛|4譯
801 _0 |atw|b內湖高中|c20010622
801 _2 |atw|b內湖高中|c20221005|gCCR
|